[Event "Euskadi-chT (Vasca) Div 1st"]
[Site "Bergara"]
[Date "2017.01.28"]
[Round "3.5"]
[White "Astasio Lopez, David"]
[Black "Sanz Perez, Eduardo"]
[Result "1/2-1/2"]
[WhiteElo "2393"]
[BlackElo "2086"]
[PlyCount "53"]
[EventDate "2017.01.14"]
[EventType "team-tourn"]
[EventRounds "9"]
[EventCountry "ESP"]
[SourceTitle "EXT 2024"]
[Source "ChessBase"]
[SourceDate "2023.10.10"]
[SourceVersion "1"]
[SourceVersionDate "2023.10.10"]
[SourceQuality "1"]

1. d4 e6 2. Nf3 f5 3. Bf4 Nf6 4. Nbd2 b6 5. e3 Bb7 6. Bd3 Be7 7. 0-0 0-0 8. Re1 Ne4 9. c4 Nxd2 10. Nxd2 d6 11. Qh5 g6 12. Qh3 g5 13. e4 gxf4 14. exf5 Rf7 15. Rxe6 Nd7 16. Rae1 Bf6 17. Nf3 Rg7 18. Qh5 Nf8 19. Re8 Qd7 20. Rxa8 Bxa8 21. d5 Qf7 22. Qh3 Bb7 23. Re4 Nd7 24. Rxf4 Ne5 25. Nxe5 Bxe5 26. Rf3 Bc8 27. b3 1/2-1/2

[Event "Euskadi-chTB"]
[Site "Bergara"]
[Date "2013.02.09"]
[Round "5.3"]
[White "Sanz Perez, Eduardo"]
[Black "Alvarez Ponga, Hugo"]
[Result "0-1"]
[WhiteElo "2114"]
[BlackElo "2099"]
[PlyCount "38"]
[EventDate "2013.01.12"]
[EventType "team-tourn"]
[EventRounds "9"]
[EventCountry "ESP"]
[SourceTitle "EXT 2014"]
[Source "ChessBase"]
[SourceDate "2013.11.20"]
[SourceVersion "1"]
[SourceVersionDate "2013.11.20"]
[SourceQuality "1"]

1. f4 e5 2. e4 exf4 3. Nf3 d6 4. d4 g5 5. h3 Bg7 6. c3 h5 7. Qa4+ c6 8. Kd1 g4 9. Ng1 Qe7 10. Bd3 Nf6 11. Qc2 Bh6 12. Na3 Rg8 13. Nc4 gxh3 14. gxh3 b5 15. Nxd6+ Qxd6 16. e5 Qd5 17. exf6 Qxh1 18. Qe2+ Be6 19. Kc2 Rg2 0-1

[Event "Euskadi-chT (Vasca) Div Honor"]
[Site "Bergara"]
[Date "2012.02.25"]
[Round "7.5"]
[White "Huerga Leache, Mikel"]
[Black "Sanz Perez, Eduardo"]
[Result "1-0"]
[WhiteElo "2436"]
[BlackElo "2132"]
[PlyCount "35"]
[EventDate "2012.01.14"]
[EventType "team-tourn"]
[EventRounds "9"]
[EventCountry "ESP"]
[SourceTitle "EXT 2024"]
[Source "ChessBase"]
[SourceDate "2023.10.10"]
[SourceVersion "1"]
[SourceVersionDate "2023.10.10"]
[SourceQuality "1"]
[WhiteTeam "Conteneo Bilbao Haitzak"]
[BlackTeam "Easo Xake Taldea"]
[WhiteTeamCountry "ESP"]
[BlackTeamCountry "ESP"]

1. e4 e6 2. d4 d5 3. Nd2 c5 4. Ngf3 cxd4 5. Nxd4 Nf6 6. exd5 Qxd5 7. Nb5 Na6 8. Nc3 Qe5+ 9. Be2 Bb4 10. 0-0 Bxc3 11. Nc4 Qc7 12. Nd6+ Ke7 13. Nb5 Qe5 14. bxc3 Rd8 15. Ba3+ Nc5 16. Qe1 a6 17. Nd4 Ke8 18. Bb5+ 1-0

[Event "San Sebastian op 20th"]
[Site "San Sebastian"]
[Date "2010.10.02"]
[Round "9"]
[White "Fernandez Zubitur, Jokin"]
[Black "Sanz Perez, Eduardo"]
[Result "1-0"]
[WhiteElo "1892"]
[BlackElo "2155"]
[PlyCount "77"]
[EventDate "2010.09.24"]
[EventType "swiss"]
[EventRounds "9"]
[EventCountry "ESP"]
[SourceTitle "CBM 138 Extra"]
[Source "ChessBase"]
[SourceDate "2010.10.29"]
[SourceVersion "1"]
[SourceVersionDate "2010.10.29"]
[SourceQuality "1"]

1. e4 e6 2. d4 d5 3. exd5 exd5 4. Bd3 Nc6 5. Nf3 Bg4 6. c3 Bd6 7. 0-0 Qd7 8. Nbd2 Nge7 9. Re1 0-0-0 10. b4 Ng6 11. a4 Rde8 12. Rxe8+ Rxe8 13. a5 Nf4 14. Bf1 Qf5 15. b5 Nd8 16. c4 Nd3 17. Qa4 Re1 18. Qc2 Bxh2+ 19. Kxh2 Bxf3 20. Qxd3 Qf4+ 21. Kg1 Be2 22. Qe3 Qf5 23. Bb2 Rxa1 24. Bxa1 Bxf1 25. Nxf1 Qb1 26. Bc3 dxc4 27. Qh3+ f5 28. b6 cxb6 29. axb6 axb6 30. Qxh7 Qd3 31. Qh3 Qb1 32. Qg3 b5 33. Ba5 Ne6 34. d5 Qa1 35. Bb6 f4 36. Qg4 Qe5 37. Qxe6+ Qxe6 38. dxe6 b4 39. Nd2 1-0

[Event "San Sebastian op 20th"]
[Site "San Sebastian"]
[Date "2010.10.01"]
[Round "8"]
[White "Sanz Perez, Eduardo"]
[Black "Lakunza Oyarbide, Juan Carlos"]
[Result "0-1"]
[WhiteElo "2155"]
[BlackElo "2102"]
[PlyCount "92"]
[EventDate "2010.09.24"]
[EventType "swiss"]
[EventRounds "9"]
[EventCountry "ESP"]
[SourceTitle "CBM 138 Extra"]
[Source "ChessBase"]
[SourceDate "2010.10.29"]
[SourceVersion "1"]
[SourceVersionDate "2010.10.29"]
[SourceQuality "1"]

1. f4 c5 2. e4 Nc6 3. Nf3 g6 4. Nc3 Bg7 5. g3 e6 6. Bg2 Nge7 7. d3 0-0 8. Be3 d6 9. 0-0 Rb8 10. Qd2 b6 11. Rae1 Nd4 12. Nh4 f5 13. e5 dxe5 14. fxe5 Bb7 15. Bg5 Qd7 16. Rf2 Bxg2 17. Nxg2 Nec6 18. Bf4 Nb4 19. Ne3 h6 20. h4 b5 21. a3 Nbc6 22. Ng2 Kh7 23. Qe3 Rfc8 24. Ref1 Ne7 25. Ne1 a5 26. g4 b4 27. axb4 axb4 28. Nd1 fxg4 29. h5 Ndf5 30. hxg6+ Nxg6 31. Qe2 g3 32. Rg2 Qd4+ 33. Be3 Qxe5 34. Nf3 Qd6 35. Qe1 Rf8 36. Bd2 Ra8 37. Qe4 Qd5 38. Qg4 Ne5 39. Nxe5 Bxe5 40. Qh5 Qd4+ 41. Be3 Nxe3 42. Rf7+ Rxf7 43. Qxf7+ Bg7 44. c3 Qxd3 45. Rxg3 Qxd1+ 46. Kh2 Nf1+ 0-1

[Event "San Sebastian Primavera de Gros op 6th"]
[Site "San Sebastian"]
[Date "2010.05.15"]
[Round "4"]
[White "Sanz Perez, Eduardo"]
[Black "Segovia Sanchez, Antonio"]
[Result "1-0"]
[WhiteElo "2147"]
[BlackElo "1998"]
[PlyCount "53"]
[EventDate "2010.04.24"]
[EventType "swiss"]
[EventRounds "8"]
[EventCountry "ESP"]
[SourceTitle "EXT 2024"]
[Source "ChessBase"]
[SourceDate "2023.10.10"]
[SourceVersion "1"]
[SourceVersionDate "2023.10.10"]
[SourceQuality "1"]

1. f4 g6 2. Nf3 c6 3. e4 d5 4. e5 h5 5. d4 Bg4 6. Bd3 e6 7. h3 Bxf3 8. Qxf3 h4 9. Be3 Nh6 10. 0-0 Nf5 11. Nd2 Nd7 12. Bf2 Qc7 13. c4 dxc4 14. Nxc4 Be7 15. Rac1 Qd8 16. Be4 Rc8 17. b4 Bxb4 18. Rb1 a5 19. a3 Be7 20. Rxb7 0-0 21. Bxc6 Rc7 22. Rfb1 Rxb7 23. Rxb7 Nb8 24. d5 exd5 25. Bxd5 Qc8 26. Kh2 Bc5 27. Bxf7+ 1-0

[Event "Euskadi-chT"]
[Site "Bergara"]
[Date "2010.01.23"]
[Round "3.5"]
[White "Sanz Perez, Eduardo"]
[Black "Limeres Guiance, Cristobal"]
[Result "0-1"]
[WhiteElo "2149"]
[BlackElo "2250"]
[PlyCount "42"]
[EventDate "2010.01.09"]
[EventType "team-tourn"]
[EventRounds "9"]
[EventCountry "ESP"]
[SourceTitle "EXT 2011"]
[Source "ChessBase"]
[SourceDate "2010.11.26"]
[SourceVersion "1"]
[SourceVersionDate "2010.11.26"]
[SourceQuality "1"]

1. f4 d5 2. e3 g6 3. Nf3 Bg7 4. d4 Nh6 5. c4 c6 6. Nc3 0-0 7. Qb3 e6 8. Be2 b6 9. cxd5 cxd5 10. Bd2 Nc6 11. Rc1 Bb7 12. 0-0 Qe7 13. Ne5 Na5 14. Qa4 f6 15. Nf3 Rfc8 16. Nb1 Qd8 17. Bb5 Nf7 18. Na3 a6 19. Bd7 Rxc1 20. Rxc1 Bc8 21. Bxc8 Rxc8 0-1

[Event "Euskadi-chT"]
[Site "Bergara"]
[Date "2010.01.09"]
[Round "1"]
[White "Carasa Del Portillo, Mikel"]
[Black "Sanz Perez, Eduardo"]
[Result "1/2-1/2"]
[WhiteElo "2043"]
[BlackElo "2149"]
[PlyCount "88"]
[EventDate "2010.01.09"]
[EventType "team-tourn"]
[EventRounds "9"]
[EventCountry "ESP"]
[SourceTitle "EXT 2011"]
[Source "ChessBase"]
[SourceDate "2010.11.26"]
[SourceVersion "1"]
[SourceVersionDate "2010.11.26"]
[SourceQuality "1"]

1. d4 e6 2. Bf4 b6 3. e3 Bb7 4. Nf3 f5 5. Bd3 Nf6 6. Nbd2 Be7 7. h3 0-0 8. 0-0 Ne4 9. c3 Kh8 10. Bh2 d6 11. Qc2 Nxd2 12. Nxd2 Nd7 13. a4 Bh4 14. Be2 e5 15. a5 Qf6 16. Bf3 e4 17. Be2 Bg5 18. Bb5 Qf7 19. a6 Bc8 20. Bc6 Rb8 21. Qb3 Qh5 22. f4 Bh4 23. Qd1 Qg6 24. Qe2 Nf6 25. Rfc1 Ng8 26. Nf1 Ne7 27. Ba4 d5 28. Bd1 b5 29. Qh5 Qxh5 30. Bxh5 Rb6 31. Ra2 Nc6 32. Be2 Nb8 33. Ra5 Bxa6 34. Rca1 Be7 35. g4 g6 36. b4 c6 37. Nd2 Bd6 38. g5 Rf7 39. Nb3 Bc8 40. Rxa7 Rxa7 41. Rxa7 Ra6 42. Rxa6 Bxa6 43. Bg3 Nd7 44. Na5 Nb8 1/2-1/2

[Event "Groseko Udaberriko Txapelke"]
[Site "Donostia"]
[Date "2009.05.23"]
[Round "3.2"]
[White "Sanz Perez, Eduardo"]
[Black "Segura del Frago, Imanol"]
[Result "0-1"]
[WhiteElo "2177"]
[BlackElo "1938"]
[PlyCount "46"]
[EventDate "2009.05.09"]
[EventType "swiss"]
[EventRounds "7"]
[EventCountry "ESP"]
[SourceTitle "EXT 2024"]
[Source "ChessBase"]
[SourceDate "2023.10.10"]
[SourceVersion "1"]
[SourceVersionDate "2023.10.10"]
[SourceQuality "1"]

1. f4 d5 2. e3 Nf6 3. Nf3 Bf5 4. b3 e6 5. Bb2 Bc5 6. Ne5 d4 7. b4 Bb6 8. c4 dxc3 9. Nxc3 Nbd7 10. Nc4 0-0 11. Qf3 Re8 12. Qxb7 e5 13. Qf3 exf4 14. Qxf4 Bg6 15. Be2 Qe7 16. 0-0 Rad8 17. a4 a5 18. bxa5 Ba7 19. Qxc7 Bb8 20. Qb7 Ne4 21. Bf3 Qh4 22. Nxe4 Bxh2+ 23. Kh1 Bg3+ 0-1

[Event "Euskadi-ch"]
[Site "Zornotza"]
[Date "2009.04.19"]
[Round "7"]
[White "Ruiz Gomez, Alejandro"]
[Black "Sanz Perez, Eduardo"]
[Result "1-0"]
[WhiteElo "2363"]
[BlackElo "2177"]
[PlyCount "127"]
[EventDate "2009.04.13"]
[EventType "swiss"]
[EventRounds "7"]
[EventCountry "ESP"]
[SourceTitle "EXT 2010"]
[Source "ChessBase"]
[SourceDate "2010.11.25"]
[SourceVersion "1"]
[SourceVersionDate "2010.11.25"]
[SourceQuality "1"]

1. e4 e6 2. d4 d5 3. Nc3 Nf6 4. Bg5 Bb4 5. e5 h6 6. exf6 hxg5 7. fxg7 Rg8 8. h4 gxh4 9. Nf3 Qf6 10. Qd2 c5 11. a3 cxd4 12. axb4 dxc3 13. Qxc3 Qxc3+ 14. bxc3 Rxg7 15. Rxh4 Rg8 16. g3 Ke7 17. c4 dxc4 18. Bxc4 Nd7 19. Bd3 Nf6 20. Ne5 Rg5 21. Ra5 Nd5 22. Nf3 Rg8 23. b5 b6 24. Ra1 Bd7 25. Ne5 Be8 26. c4 Nf6 27. Be2 Rg5 28. Nd3 a5 29. bxa6 Ra5 30. Rxa5 bxa5 31. Nc5 Bc6 32. Kd2 Rc8 33. Kc3 Ba8 34. Nb7 a4 35. Kb4 Rc6 36. c5 Nd5+ 37. Ka3 Rc7 38. Bf3 Bxb7 39. axb7 Rxb7 40. Bxd5 exd5 41. Kxa4 Rb2 42. Rf4 Ke6 43. g4 f6 44. f3 Ke5 45. Rf5+ Ke6 46. Rf4 Ke5 47. Rb4 Rc2 48. f4+ Ke6 49. Rb6+ Ke7 50. Kb5 Rf2 51. g5 Rxf4 52. Rxf6 Rg4 53. Rg6 d4 54. Rd6 Rxg5 55. Rxd4 Rg1 56. c6 Rb1+ 57. Ka6 Rc1 58. Kb7 Rb1+ 59. Kc8 Rc1 60. c7 Rc2 61. Rd1 Rc3 62. Re1+ Kd6 63. Kd8 Rxc7 64. Rd1+ 1-0

[Event "Euskadi-ch"]
[Site "Zornotza"]
[Date "2009.04.18"]
[Round "6"]
[White "Sanz Perez, Eduardo"]
[Black "Arana Garate, Jon"]
[Result "1-0"]
[WhiteElo "2177"]
[BlackElo "1966"]
[PlyCount "117"]
[EventDate "2009.04.13"]
[EventType "swiss"]
[EventRounds "7"]
[EventCountry "ESP"]
[SourceTitle "EXT 2010"]
[Source "ChessBase"]
[SourceDate "2010.11.25"]
[SourceVersion "1"]
[SourceVersionDate "2010.11.25"]
[SourceQuality "1"]

1. f4 d5 2. e3 g6 3. Nf3 Bg7 4. d4 Bg4 5. h3 Bxf3 6. Qxf3 e6 7. c4 Nf6 8. Nc3 c6 9. g4 h5 10. g5 Nfd7 11. b3 0-0 12. cxd5 cxd5 13. Bd3 Nc6 14. Bd2 a6 15. 0-0 b5 16. Ne2 Qb6 17. Rac1 Rac8 18. Ng3 f5 19. gxf6 Rxf6 20. Kh1 Qd8 21. Rg1 Ne7 22. Rxc8 Qxc8 23. Bb4 Qe8 24. Qg2 Nc6 25. Bd6 Qf7 26. Qc2 Ne7 27. Be5 Nxe5 28. dxe5 Rf5 29. Bxf5 Nxf5 30. Nxf5 Qxf5 31. Qxf5 gxf5 32. Rg5 h4 33. Rh5 Kf7 34. Kg2 Kg6 35. Rg5+ Kh6 36. Kf3 Bxe5 37. Rg8 Bc3 38. Ra8 a5 39. Ra6 d4 40. Rxe6+ Kg7 41. Re5 Kg6 42. exd4 Bxd4 43. Rxb5 Bc3 44. a3 Kf6 45. b4 axb4 46. axb4 Ke6 47. Ke3 Be1 48. Re5+ Kf6 49. b5 Ba5 50. Kd3 Bc7 51. Kd4 Bb6+ 52. Kd5 Bc7 53. b6 Bb8 54. b7 Bc7 55. Kc6 Bxe5 56. fxe5+ Kxe5 57. b8Q+ Ke4 58. Qb4+ Kf3 59. Qxh4 1-0

[Event "Euskadi-ch"]
[Site "Zornotza"]
[Date "2009.04.16"]
[Round "4"]
[White "Sarralde Osua, Rodrigo"]
[Black "Sanz Perez, Eduardo"]
[Result "1-0"]
[WhiteElo "2190"]
[BlackElo "2177"]
[PlyCount "89"]
[EventDate "2009.04.13"]
[EventType "swiss"]
[EventRounds "7"]
[EventCountry "ESP"]
[SourceTitle "EXT 2010"]
[Source "ChessBase"]
[SourceDate "2010.11.25"]
[SourceVersion "1"]
[SourceVersionDate "2010.11.25"]
[SourceQuality "1"]

1. e4 e6 2. d4 d5 3. Nc3 Nf6 4. Bg5 Bb4 5. e5 h6 6. Be3 Ne4 7. Qg4 g6 8. a3 Bxc3+ 9. bxc3 c5 10. Bd3 Nxc3 11. dxc5 Ne4 12. Bxe4 dxe4 13. Qxe4 Bd7 14. Rd1 Qc7 15. Nf3 Bc6 16. Qf4 Nd7 17. 0-0 g5 18. Qg3 0-0-0 19. Rd6 Bxf3 20. gxf3 Nxc5 21. Rfd1 b6 22. Qg4 Nb7 23. Rxd8+ Rxd8 24. Rxd8+ Nxd8 25. Qe4 Qc6 26. Qxc6+ Nxc6 27. f4 gxf4 28. Bxf4 h5 29. c3 Na5 30. Bc1 Nc6 31. Bf4 b5 32. Kg2 Ne7 33. Kf3 Ng6 34. Ke4 Kd7 35. Be3 a6 36. Bc5 Kc6 37. Be3 a5 38. Bg5 Kc5 39. Bd8 a4 40. f4 Kc4 41. f5 exf5+ 42. Kxf5 Kd5 43. e6 Ne5 44. e7 Nc4 45. Bc7 1-0

[Event "Euskadi-ch"]
[Site "Zornotza"]
[Date "2009.04.15"]
[Round "3"]
[White "Martin Alvarez, Inigo"]
[Black "Sanz Perez, Eduardo"]
[Result "1-0"]
[WhiteElo "2236"]
[BlackElo "2177"]
[PlyCount "63"]
[EventDate "2009.04.13"]
[EventType "swiss"]
[EventRounds "7"]
[EventCountry "ESP"]
[SourceTitle "EXT 2010"]
[Source "ChessBase"]
[SourceDate "2010.11.25"]
[SourceVersion "1"]
[SourceVersionDate "2010.11.25"]
[SourceQuality "1"]

1. e4 e6 2. d4 d5 3. e5 c5 4. Nf3 Nc6 5. Bd3 cxd4 6. 0-0 Nge7 7. Bf4 Qb6 8. Nbd2 Bd7 9. Nb3 Nb4 10. Nbxd4 Nxd3 11. Qxd3 Nc6 12. a3 Nxd4 13. Nxd4 Bc5 14. Be3 Rc8 15. b4 Bxd4 16. Bxd4 Qc7 17. c3 b6 18. Qg3 0-0 19. f4 a5 20. Rf3 Kh8 21. Qh4 axb4 22. Rh3 h6 23. axb4 Ra8 24. Re1 Kh7 25. f5 Qd8 26. f6 Rh8 27. Be3 Kg8 28. Qg4 g6 29. Bxh6 Rh7 30. Bg7 Rxg7 31. Qh4 Kf8 32. fxg7+ 1-0

[Event "San Sebastian op 18th"]
[Site "San Sebastian"]
[Date "2008.09.22"]
[Round "4"]
[White "Ninov, Nikolai"]
[Black "Sanz Perez, Eduardo"]
[Result "1-0"]
[WhiteElo "2515"]
[BlackElo "2154"]
[PlyCount "63"]
[EventDate "2008.09.20"]
[EventType "swiss"]
[EventRounds "9"]
[EventCountry "ESP"]
[SourceTitle "CBM 126 Extra"]
[Source "ChessBase"]
[SourceDate "2008.11.05"]
[SourceVersion "1"]
[SourceVersionDate "2008.11.05"]
[SourceQuality "1"]

1. e4 e6 2. d4 d5 3. Nc3 Nf6 4. Bg5 Bb4 5. e5 h6 6. Bd2 Bxc3 7. Bxc3 Ne4 8. Ne2 c5 9. dxc5 Nxc3 10. Nxc3 Qc7 11. Qd4 0-0 12. Nb5 Qa5+ 13. c3 Nc6 14. Qf4 f6 15. exf6 Rxf6 16. Qc7 Qa4 17. Bd3 e5 18. 0-0 Qh4 19. f3 Bh3 20. gxh3 Qxh3 21. Nd6 e4 22. Nxe4 Rxf3 23. Nf2 Qh4 24. Be2 Qg5+ 25. Kh1 Rf7 26. Qg3 Qd2 27. Bh5 Rf5 28. Ng4 Raf8 29. Rxf5 Rxf5 30. Rg1 Kh8 31. Bg6 Rg5 32. Qe3 1-0

[Event "San Sebastian Primavera de Gros 4th"]
[Site "San Sebastian"]
[Date "2008.05.10"]
[Round "2"]
[White "Sanz Perez, Eduardo"]
[Black "Ramon Gualberto, Arturo"]
[Result "1-0"]
[WhiteElo "2187"]
[BlackElo "1871"]
[PlyCount "119"]
[EventDate "2008.05.03"]
[EventType "swiss"]
[EventRounds "7"]
[EventCountry "ESP"]
[SourceTitle "EXT 2009"]
[Source "ChessBase"]
[SourceDate "2008.11.26"]
[SourceVersion "1"]
[SourceVersionDate "2008.11.26"]
[SourceQuality "1"]

1. e4 c5 2. Nc3 d6 3. g3 Nf6 4. Bg2 g6 5. d3 Bg7 6. f4 Nc6 7. Nf3 0-0 8. 0-0 a6 9. a3 Bg4 10. h3 Bd7 11. g4 Rb8 12. Be3 b5 13. Qd2 Qc8 14. f5 b4 15. axb4 Nxb4 16. Bh6 Bc6 17. Bxg7 Kxg7 18. Ne2 Bb7 19. Ng3 Nc6 20. g5 Nd7 21. Qf4 Qd8 22. Qh4 Rh8 23. Qh6+ Kg8 24. Nh4 Qf8 25. Qxf8+ Rxf8 26. Rf2 Kg7 27. Raf1 f6 28. Nf3 Nde5 29. h4 Ng4 30. Re2 Nd4 31. Nxd4 cxd4 32. Bh3 Ne5 33. Ref2 Bc6 34. gxf6+ Rxf6 35. Ne2 Rb8 36. b3 Rb4 37. Nf4 a5 38. Rg2 a4 39. Nh5+ Kf7 40. Nxf6 exf6 41. fxg6+ hxg6 42. bxa4 Bxa4 43. Rgf2 Bd7 44. Rxf6+ Ke7 45. Bxd7 Kxd7 46. Ra1 Ke7 47. Rf2 Ng4 48. Rg2 Ne5 49. Ra7+ Ke6 50. Rc7 d5 51. exd5+ Kxd5 52. Re7 Rb6 53. Rg5 Re6 54. Rxe6 Kxe6 55. Kf2 Kf6 56. Kg3 Nf7 57. Kf4 Nd8 58. Ke4 Ne6 59. Re5 g5 60. Rxe6+ 1-0

[Event "San Sebastian Primavera de Gros 4th"]
[Site "San Sebastian"]
[Date "2008.05.03"]
[Round "1"]
[White "Munoz Gabilondo, Inaki"]
[Black "Sanz Perez, Eduardo"]
[Result "0-1"]
[WhiteElo "1757"]
[BlackElo "2187"]
[PlyCount "82"]
[EventDate "2008.05.03"]
[EventType "swiss"]
[EventRounds "7"]
[EventCountry "ESP"]
[SourceTitle "EXT 2009"]
[Source "ChessBase"]
[SourceDate "2008.11.26"]
[SourceVersion "1"]
[SourceVersionDate "2008.11.26"]
[SourceQuality "1"]

1. d4 e6 2. Nf3 c5 3. c3 Nc6 4. e3 Nf6 5. Nbd2 d5 6. Bb5 Qb6 7. Ba4 Bd6 8. 0-0 0-0 9. Bc2 Bd7 10. Qe2 Rac8 11. Rd1 Bb8 12. b3 Rfe8 13. Bb2 cxd4 14. exd4 e5 15. dxe5 Nxe5 16. Qf1 Bb5 17. c4 Nxf3+ 18. gxf3 Bxc4 19. Qh3 Be2 20. Rdc1 g6 21. Bd1 Rxc1 22. Rxc1 Bd3 23. Rc8 Bf5 24. Rxe8+ Nxe8 25. Qh4 f6 26. f4 Qb4 27. Bc1 Bxf4 28. Nf3 g5 29. Qh5 Ng7 30. Qh6 Bxc1 31. Qxf6 Qg4+ 32. Kh1 Be4 33. Qd8+ Kf7 34. Qc7+ Kg6 35. Qxc1 Bxf3+ 36. Bxf3 Qxf3+ 37. Kg1 Nh5 38. Qc2+ Qe4 39. Qc8 Qe1+ 40. Kg2 Nf4+ 41. Kf3 Qe4+ 0-1

[Event "Euskadi-ch"]
[Site "Zornotza"]
[Date "2008.03.24"]
[Round "1"]
[White "Gonzalez de la Torre, Santiago"]
[Black "Sanz Perez, Eduardo"]
[Result "1-0"]
[WhiteElo "2389"]
[BlackElo "2161"]
[PlyCount "73"]
[EventDate "2008.03.24"]
[EventType "swiss"]
[EventRounds "7"]
[EventCountry "ESP"]
[SourceTitle "CBM 123 Extra"]
[Source "ChessBase"]
[SourceDate "2008.05.06"]
[SourceVersion "1"]
[SourceVersionDate "2008.05.06"]
[SourceQuality "1"]

1. d4 e6 2. Nf3 Nf6 3. c4 b6 4. a3 Ne4 5. Qc2 Bb7 6. g3 c5 7. Bg2 d5 8. 0-0 Nd7 9. cxd5 Bxd5 10. Ne5 Nef6 11. e4 Bb7 12. Nxd7 Qxd7 13. d5 Be7 14. Rd1 exd5 15. exd5 0-0-0 16. Nc3 Kb8 17. d6 Bf8 18. Bxb7 Kxb7 19. b4 Qc8 20. Bf4 Nh5 21. bxc5 Nxf4 22. Qe4+ Kb8 23. Qxf4 Qxc5 24. Ne4 Qh5 25. Rac1 Rd7 26. Nc5 bxc5 27. Rb1+ Kc8 28. Qe4 Rxd6 29. Rxd6 Bxd6 30. Qc6+ Bc7 31. Qa8+ Kd7 32. Qxh8 Be5 33. Qa8 Bd4 34. Qxa7+ Ke6 35. Qb7 f5 36. Qc6+ Ke5 37. Re1+ 1-0

[Event "San Sebastian op 17th"]
[Site "San Sebastian"]
[Date "2007.09.25"]
[Round "5"]
[White "Mirzoev, Azer"]
[Black "Sanz Perez, Eduardo"]
[Result "1-0"]
[WhiteElo "2551"]
[BlackElo "2156"]
[PlyCount "67"]
[EventDate "2007.09.21"]
[EventType "swiss"]
[EventRounds "9"]
[EventCountry "ESP"]
[SourceTitle "CBM 120 Extra"]
[Source "ChessBase"]
[SourceDate "2007.11.01"]
[SourceVersion "1"]
[SourceVersionDate "2007.11.01"]
[SourceQuality "1"]

1. d4 e6 2. c4 Nf6 3. Nc3 Bb4 4. e3 d5 5. cxd5 exd5 6. Nge2 c6 7. a3 Bd6 8. g3 Bf5 9. Bg2 Na6 10. h3 Qd7 11. g4 Bg6 12. f4 h6 13. 0-0 h5 14. f5 hxg4 15. fxg6 0-0-0 16. Nf4 Rh6 17. h4 Rxh4 18. Bd2 fxg6 19. Be1 Rh6 20. Bg3 Nh5 21. Nxh5 gxh5 22. Bxd6 Qxd6 23. Qd3 Re6 24. Qf5 g6 25. Qg5 Qg3 26. Rae1 h4 27. Qf4 Qxf4 28. Rxf4 h3 29. Bf1 Rh8 30. Rxg4 Nc7 31. Rg3 h2+ 32. Kh1 Rf6 33. Bh3+ Kd8 34. Re2 1-0